[Event "AUTO-ADV-1967"]
[Site "http://www.queenalice.com/game.php?id=857181"]
[Date "2010.11.10"]
[Round "1"]
[White "thewhitebishop"]
[Black "babamas"]
[Result "1-0"]
[WhiteElo "1999"]
[BlackElo "1933"]

1. d4 Nf6 2. c4 g6 3. Nc3 Bg7 4. e4 d6 5. f4 Bg4 6. Be2 Bxe2 7. Ngxe2 Nbd7 8. h3
c6 9. Be3 e5 10. fxe5 dxe5 11. d5 cxd5 12. cxd5 a6 13. a4 Qa5 14. O-O O-O 15.
Rb1 Qb4 16. Qd3 Rac8 17. Ng3 Nc5 18. Bxc5 Qxc5+ 19. Kh2 h5 20. Nge2 Ne8 21. b4
Qc7 22. a5 f5 23. Rfc1 Nd6 24. Qg3 Kh7 25. Na4 Qe7 26. Rxc8 Rxc8 27. Nc5 f4 28.
Qf3 Nf7 29. Qd3 Nd6 30. Nc3 g5 31. Qf3 Bf6 32. Qxh5+ Kg8 33. N3a4 Nc4 34. Qg6+
Kh8 35. Qf5 Rc7 36. Ne6 Ne3 37. Qg6 Rc2 38. Rg1 f3 39. Qh5+ Kg8 40. Qxf3 Qxb4
41. Qxf6 1-0

[Event "AUTO-ADV-1967"]
[Site "http://www.queenalice.com/game.php?id=857197"]
[Date "2010.11.10"]
[Round "1"]
[White "afonso092"]
[Black "babamas"]
[Result "0-1"]
[WhiteElo "1972"]
[BlackElo "1849"]

1. e4 Nf6 2. Nc3 d5 3. exd5 Nxd5 4. Nxd5 Qxd5 5. d4 Nc6 6. c3 e5 7. Be3 exd4 8.
Bxd4 Nxd4 9. cxd4 Bb4+ 10. Ke2 Qe4# 0-1

[Event "AUTO-ADV-1967"]
[Site "http://www.queenalice.com/game.php?id=857198"]
[Date "2010.11.10"]
[Round "1"]
[White "babamas"]
[Black "afonso092"]
[Result "1-0"]
[WhiteElo "1885"]
[BlackElo "1925"]

1. d4 d5 2. c4 e6 3. cxd5 exd5 4. Nc3 h6 5. Bf4 a6 6. Nf3 c6 7. a3 Nf6 8. e3 Be7
9. Bd3 O-O 10. h3 Be6 11. O-O Nbd7 12. Rc1 Nh7 13. Qc2 Nhf6 14. b4 Nb6 15. Ne2
Bd6 16. Ne5 Bxe5 17. Bxe5 Nbd7 18. Bd6 Re8 19. Nf4 Nb8 20. Be5 Nfd7 21. Nxe6
fxe6 22. Bd6 Qf6 23. f4 Nf8 24. f5 Qg5 25. Bf4 Qh4 26. Rf3 Kh8 27. Rg3 Nbd7 28.
Rg4 Qf6 29. Rf1 e5 30. dxe5 Nxe5 31. Rg3 Nxd3 32. Qxd3 Re4 33. Kh1 Rae8 34. Qd1
Nh7 35. Qh5 Nf8 36. Bg5 Qc3 37. f6 Nh7 38. fxg7+ Qxg7 39. Rf7 Qa1+ 40. Kh2 R4e6
41. Bxh6 Qe5 42. Bg7+ 1-0

[Event "AUTO-ADV-1967"]
[Site "http://www.queenalice.com/game.php?id=857209"]
[Date "2010.11.10"]
[Round "1"]
[White "babamas"]
[Black "MC"]
[Result "1-0"]
[WhiteElo "1903"]
[BlackElo "1618"]

1. d4 b5 2. e4 b4 3. Bd3 a5 4. Nf3 d5 5. O-O Nh6 6. Bxh6 gxh6 7. Nbd2 e6 8. Re1
Bd6 9. exd5 Rg8 10. Bb5+ Bd7 11. Bxd7+ Nxd7 12. dxe6 fxe6 13. Rxe6+ Kf7 14. d5
Ne5 15. Nxe5+ Bxe5 16. Rxe5 Qd6 17. Rf5+ Ke7 18. Qf3 Raf8 19. Re1+ Kd7 20. Nc4
Qa6 21. Ne5+ Kd6 22. Rxf8 Rxf8 23. Qxf8+ Kxd5 24. Qf3+ Kc5 25. Nd7+ Kb5 26. Qd3+
Kc6 27. Nb8+ 1-0

[Event "AUTO-ADV-1967"]
[Site "http://www.queenalice.com/game.php?id=857210"]
[Date "2010.11.10"]
[Round "1"]
[White "MC"]
[Black "babamas"]
[Result "0-1"]
[WhiteElo "1593"]
[BlackElo "1908"]

1. b4 c6 2. c4 e6 3. c5 d5 4. cxd6 Bxd6 5. a3 Nf6 6. e3 Nbd7 7. Nh3 O-O 8. Bd3
Ne5 9. Nf4 g5 10. Nh5 Nxd3+ 11. Kf1 Nxc1 12. Nxf6+ Qxf6 13. d4 b6 14. Qxc1 Ba6+
15. Kg1 c5 16. h4 Bb7 17. hxg5 Qxg5 18. f3 Bxf3 19. Qc2 f5 20. dxc5 Qxe3+ 21.
Qf2 Qc1+ 22. Qf1 Qxf1+ 23. Kxf1 Bxg2+ 24. Kxg2 Be5 25. c6 Bxa1 26. Nd2 Be5 27.
Nc4 Bc7 28. Kh3 Rad8 29. Rg1+ Kf7 30. Kh4 Rd4+ 31. Kh5 Rxc4 32. b5 Rg8 33. Rxg8
Kxg8 34. Kg5 Bd8+ 35. Kh5 Rh4# 0-1

[Event "AUTO-ADV-2052"]
[Site "http://www.queenalice.com/game.php?id=892390"]
[Date "2011.1.28"]
[Round "1"]
[White "ThiagoTanaka"]
[Black "babamas"]
[Result "1/2-1/2"]
[WhiteElo "1828"]
[BlackElo "1911"]

1. d4 Nf6 2. Nc3 g6 3. Nf3 Bg7 4. e3 d6 5. Bd3 Bg4 6. O-O Nbd7 7. b3 O-O 8. Bb2
c6 9. h3 Bxf3 10. Qxf3 Qc7 11. Ne4 d5 12. Ng3 e5 13. e4 dxe4 14. Nxe4 Nxe4 15.
Qxe4 Rfe8 16. dxe5 Nxe5 17. Qf4 Qd7 18. Rad1 Nxd3 19. Rxd3 Qe7 20. Bxg7 Kxg7 21.
Rfd1 Rad8 22. Rxd8 Rxd8 23. Rxd8 Qxd8 24. Qe5+ Kg8 25. Qe2 Qd7 26. Kf1 Kf8 27.
Ke1 Qf5 28. Kd2 Qd5+ 29. Qd3 Qxg2 30. Qd8+ Kg7 31. Qd4+ Kh6 32. Qh4+ Kg7 33.
Qd4+ 1/2-1/2

[Event "AUTO-ADV-2052"]
[Site "http://www.queenalice.com/game.php?id=892391"]
[Date "2011.1.28"]
[Round "1"]
[White "babamas"]
[Black "ThiagoTanaka"]
[Result "1-0"]
[WhiteElo "1921"]
[BlackElo "1829"]

1. d4 c6 2. c4 d5 3. cxd5 cxd5 4. Nc3 Nf6 5. Bg5 e6 6. Nf3 Nbd7 7. e3 Be7 8. Bd3
O-O 9. Qc2 g6 10. Nb5 Qa5+ 11. Qc3 Qxc3+ 12. Nxc3 b6 13. Rc1 a5 14. O-O Ba6 15.
Bxa6 Rxa6 16. Ne5 Ra7 17. Nb5 Rb7 18. Nc6 Re8 19. Nxe7+ Rxe7 20. Bh6 Re8 21. Nd6
1-0

[Event "AUTO-ADV-2052"]
[Site "http://www.queenalice.com/game.php?id=892402"]
[Date "2011.1.28"]
[Round "1"]
[White "kraler"]
[Black "babamas"]
[Result "1-0"]
[WhiteElo "1939"]
[BlackElo "1921"]

1. e4 c5 2. d4 cxd4 3. c3 dxc3 4. Nxc3 Nc6 5. Nf3 e6 6. Bf4 Qb6 7. Nb5 Bb4+ 8.
Nd2 e5 9. Be3 Qa5 10. a3 Bxd2+ 11. Bxd2 Qd8 12. Nd6+ Kf8 13. Bc4 Nh6 14. Bxh6
gxh6 15. Qh5 Qf6 16. Nxf7 Rg8 17. Nd6 Rxg2 18. Qe8+ 1-0

[Event "AUTO-ADV-2052"]
[Site "http://www.queenalice.com/game.php?id=892403"]
[Date "2011.1.28"]
[Round "1"]
[White "babamas"]
[Black "kraler"]
[Result "1/2-1/2"]
[WhiteElo "1908"]
[BlackElo "1983"]

1. d4 Nf6 2. c4 e5 3. dxe5 Ne4 4. Qc2 Nc5 5. Nc3 Nc6 6. Nf3 d6 7. a3 Bg4 8. Bf4
Bxf3 9. exf3 dxe5 10. Be3 Nd4 11. Bxd4 exd4 12. Nd5 c6 13. Qe2+ Ne6 14. Nf4 Qd7
15. Nxe6 fxe6 16. O-O-O Be7 17. Qe4 O-O-O 18. Bd3 Bf6 19. f4 c5 20. Rhe1 Rde8
21. Re2 e5 22. Rde1 exf4 23. Qxf4 Rxe2 24. Rxe2 Qc7 25. Bf5+ Kd8 26. Qe4 Qf7 27.
Be6 Bg5+ 28. Kd1 Qf4 29. Qd5+ Kc7 30. Qxc5+ Kb8 31. Qe5+ Qxe5 32. Rxe5 Bf6 33.
Rd5 Rd8 34. b4 Kc7 35. Kd2 Rd6 36. Bg8 h6 37. Kd3 Ra6 38. Ra5 Rxa5 39. bxa5 Kd6
40. Bd5 b6 41. axb6 axb6 42. g3 Kc5 43. a4 Kb4 44. Bc6 Kc5 45. Be8 Kb4 46. f4
Kc5 47. h3 Kb4 48. h4 Kc5 49. Bd7 Kd6 50. Bc8 Kc5 51. Ba6 Kb4 52. Bb5 Kc5 53.
Be8 Kb4 54. g4 Kc5 55. g5 Bd8 56. gxh6 gxh6 57. h5 Bf6 58. f5 Kd6 59. Ke4 Kc5
60. Bb5 Kd6 1/2-1/2

[Event "AUTO-ADV-2052"]
[Site "http://www.queenalice.com/game.php?id=892408"]
[Date "2011.1.28"]
[Round "1"]
[White "luizpessoa"]
[Black "babamas"]
[Result "0-1"]
[WhiteElo "1756"]
[BlackElo "1911"]

1. e4 e6 2. b3 c5 3. Bb2 Nc6 4. Bb5 a6 5. Bxc6 bxc6 6. Nf3 d5 7. e5 Ne7 8. Ba3
Ng6 9. d4 Qb6 10. O-O Be7 11. c3 O-O 12. dxc5 Bxc5 13. b4 Be7 14. Nbd2 Bb7 15.
Nb3 Qc7 16. Re1 a5 17. Nxa5 Rxa5 18. bxa5 Bxa3 19. Qb3 Bc5 20. Rab1 Ba6 21. Nd4
Nxe5 22. Nf3 Nd3 23. Re2 Nf4 24. Reb2 Ne2+ 25. Kh1 Bxf2 26. Qb8 Rxb8 27. Rxb8+
Bc8 28. R1b6 Bxb6 0-1

[Event "AUTO-ADV-2052"]
[Site "http://www.queenalice.com/game.php?id=892409"]
[Date "2011.1.28"]
[Round "1"]
[White "babamas"]
[Black "luizpessoa"]
[Result "1-0"]
[WhiteElo "1932"]
[BlackElo "1873"]

1. d4 b6 2. c4 Bb7 3. Nc3 e6 4. a3 g6 5. e4 Bg7 6. Be3 d6 7. f3 Bh6 8. Qd2 Bxe3
9. Qxe3 h6 10. b4 Nd7 11. Bd3 c6 12. Nge2 a5 13. O-O h5 14. d5 cxd5 15. cxd5 e5
16. Nb5 axb4 17. Nxd6+ Kf8 18. Nxb7 Qc7 19. axb4 Qxb7 20. Bb5 Rxa1 21. Rxa1 Ngf6
22. Bc6 Qc7 23. Nc3 Kg7 24. Nb5 Qc8 25. Ra8 Qxa8 26. Bxa8 Rxa8 27. h3 Ra1+ 28.
Kh2 Rb1 29. Qc3 Rd1 30. Nd6 g5 31. Nf5+ Kg6 32. Ne7+ Kg7 33. Qe3 Nh7 34. Qc3 Rd4
35. Nf5+ Kg6 36. Nxd4 exd4 37. Qxd4 Nhf6 38. e5 Ng8 39. e6 fxe6 40. dxe6 Ndf6
41. Qxb6 Kf5 42. g4+ hxg4 43. hxg4+ Ke5 44. b5 Ne7 45. Qc5+ Kxe6 46. b6 Nd7 47.
Qe3+ Kd6 48. Qxg5 Nxb6 49. Qf6+ Kd7 50. Qxb6 Nd5 51. Qb7+ Ke6 52. g5 Nf4 53.
Qe4+ Kf7 54. Qxf4+ Kg8 55. Qf6 Kh7 56. g6+ Kg8 57. Qf7+ Kh8 58. Qh7# 1-0

[Event "Challenge"]
[Site "http://www.queenalice.com/game.php?id=899164"]
[Date "2011.2.11"]
[Round "-"]
[White "babamas"]
[Black "TiMicky"]
[Result "1-0"]
[WhiteElo "1920"]
[BlackElo "1825"]

1. d4 c5 2. d5 c4 3. e4 b5 4. Nf3 d6 5. g3 Na6 6. Nc3 Nf6 7. a3 Nc5 8. Qd4 Bg4
9. Bg2 h5 10. e5 Nfd7 11. exd6 exd6 12. O-O a6 13. Re1+ Ne5 14. Nxe5 dxe5 15.
Rxe5+ Be7 16. d6 Ne6 17. Bc6+ Kf8 18. dxe7+ Qxe7 19. Qe4 Rd8 20. Nd5 Qd6 21. Nc3
Bh3 22. f4 Qc7 23. Be3 g6 24. Bc5+ Nxc5 25. Rxc5 Qa7 26. Qe5 Rc8 27. Qxh8+ Ke7
28. Qe5+ Kf8 29. Ne4 Rxc6 30. Qh8+ Ke7 31. Qe5+ Kf8 32. Rd1 Kg8 33. Rd8+ Kh7 34.
Qh8# 1-0

[Event "Challenge"]
[Site "http://www.queenalice.com/game.php?id=921733"]
[Date "2011.4.4"]
[Round "-"]
[White "jorm"]
[Black "babamas"]
[Result "0-1"]
[WhiteElo "1890"]
[BlackElo "1935"]

1. e4 c5 2. Bc4 e6 3. a3 Nc6 4. Nc3 a6 5. Be2 g6 6. d3 Bg7 7. Ra2 Nge7 8. Bd2
O-O 9. f4 d5 10. e5 Nf5 11. Na4 b6 12. g3 Nfd4 13. Bf1 Bb7 14. Ne2 Nf3+ 15. Kf2
Nxd2 16. Qxd2 d4 17. b3 Nxe5 18. Bg2 Bxg2 19. Kxg2 Ng4 20. h3 Qd5+ 21. Kg1 Ne3
22. Nc1 Qf3 23. Qf2 Qc6 24. Nb2 e5 25. fxe5 Bxe5 26. Rh2 Rae8 27. Ne2 Nf5 28.
Nc4 Bc7 29. Qg2 Qe6 30. Nd2 Qe3+ 31. Qf2 Qxd2 32. Qf1 Qe3+ 33. Rf2 Nxg3 34. Nxg3
Bxg3 35. c4 dxc3 36. Re2 Bxf2+ 37. Rxf2 Re5 38. Kh2 f5 39. h4 Rfe8 40. h5 Qxf2+
0-1

[Event "AUTO-ADV-1967"]
[Site "http://www.queenalice.com/game.php?id=941530"]
[Date "2011.5.23"]
[Round "2"]
[White "babamas"]
[Black "ThiagoTanaka"]
[Result "0-1"]
[WhiteElo "1954"]
[BlackElo "1837"]

1. d4 c6 2. c4 d5 3. cxd5 cxd5 4. Nc3 Nf6 5. Bg5 Nc6 6. e3 Bf5 7. a3 e6 8. Bd3
Bxd3 9. Qxd3 Be7 10. Nf3 O-O 11. O-O h6 12. Bf4 Nh5 13. Bg3 Nxg3 14. fxg3 Na5
15. Ne5 Rc8 16. Ne2 Nc4 17. Nxc4 Rxc4 18. Rac1 Rxc1 19. Rxc1 Qd7 20. Qc3 Bd6 21.
Nf4 Re8 22. Nd3 Re7 23. Nc5 Qc7 24. Qd2 Qb6 25. Qc2 Rc7 26. b4 a5 27. Qd2 axb4
28. axb4 Qb5 29. Ra1 b6 30. Ra8+ Kh7 31. Na6 Rc4 32. Ra7 Kg6 33. Qd3+ f5 0-1

[Event "AUTO-ADV-1967"]
[Site "http://www.queenalice.com/game.php?id=941531"]
[Date "2011.5.23"]
[Round "2"]
[White "ThiagoTanaka"]
[Black "babamas"]
[Result "0-1"]
[WhiteElo "1870"]
[BlackElo "1963"]

1. d4 Nf6 2. c4 e6 3. Nc3 Bb4 4. Bd2 O-O 5. Nf3 c5 6. e3 d5 7. cxd5 exd5 8. Bd3
Bg4 9. O-O c4 10. Bc2 Nc6 11. h3 Be6 12. a3 Bxc3 13. Bxc3 b5 14. Qb1 a5 15. Ng5
h6 16. Nf3 Qc7 17. b3 Rfb8 18. b4 axb4 19. Bxb4 Nxb4 20. axb4 Qd6 21. Rxa8 Rxa8
22. Ne5 Nd7 23. Nxd7 Bxd7 24. Rd1 g6 25. Re1 Kg7 26. e4 dxe4 27. Bxe4 Re8 28.
Qb2 Kh7 29. Qd2 f5 30. Bf3 Rxe1+ 31. Qxe1 Qxd4 32. Qe7+ Qg7 33. Qd6 c3 34. Bc6
c2 0-1

[Event "Challenge"]
[Site "http://www.queenalice.com/game.php?id=944823"]
[Date "2011.6.1"]
[Round "-"]
[White "jeffcom2f"]
[Black "babamas"]
[Result "1-0"]
[WhiteElo "1890"]
[BlackElo "1954"]

1. e4 Nf6 2. e5 Nd5 3. d4 d6 4. Nf3 Bg4 5. Bc4 Nb6 6. Bb3 d5 7. Nbd2 e6 8. O-O
c5 9. c3 Nc6 10. Ba4 cxd4 11. Bxc6+ bxc6 12. cxd4 Be7 13. b3 c5 14. Bb2 cxd4 15.
Bxd4 O-O 16. h3 Bh5 17. Re1 Rc8 18. Nf1 Rc6 19. Ng3 Bxf3 20. Qxf3 Qc7 21. Kh2
Rc2 22. Re2 Rc8 23. Bxb6 Qxb6 24. Rxc2 Rxc2 25. Qe3 Bc5 26. Qg5 Rxf2 27. Nh5 Bf8
28. Rc1 Rf5 29. Qg4 Qe3 30. Rc8 Rg5 31. Qb4 Qxe5+ 32. Nf4 h6 33. Qxf8+ 1-0

[Event "Challenge"]
[Site "http://www.queenalice.com/game.php?id=945240"]
[Date "2011.6.2"]
[Round "-"]
[White "babamas"]
[Black "jeffcom2f"]
[Result "1-0"]
[WhiteElo "1949"]
[BlackElo "1902"]

1. d4 c6 2. c4 Nf6 3. Nc3 d5 4. cxd5 Nxd5 5. e4 Nxc3 6. bxc3 e6 7. Nf3 b6 8. Bd3
Bb7 9. Bf4 Be7 10. O-O O-O 11. Qc2 Nd7 12. e5 g6 13. Bh6 Re8 14. c4 Rc8 15. Nd2
Bg5 16. Bxg5 Qxg5 17. Ne4 Qd8 18. Nd6 Ba8 19. Nxe8 Qxe8 20. f4 c5 21. Be4 Bxe4
22. Qxe4 Rc7 23. d5 f5 24. Qf3 Kg7 25. d6 Rc8 26. Qb7 a5 27. Rab1 Rb8 28. Qa7
Ra8 29. Qb7 Rb8 30. Qc6 Rc8 31. Qa4 Nb8 32. Qxe8 Rxe8 33. Rxb6 Kh6 34. Rfb1 Nd7
35. Rb7 Rd8 36. Rc7 Rb8 37. Rxb8 Nxb8 38. Rb7 Nc6 39. d7 g5 40. Rc7 Nd8 41. Rc8
Nf7 42. Rf8 Kg7 43. Rxf7+ Kxf7 44. d8=Q gxf4 45. Qf6+ Kg8 46. Qxe6+ 1-0

[Event "Challenge"]
[Site "http://www.queenalice.com/game.php?id=946464"]
[Date "2011.6.6"]
[Round "-"]
[White "alexferreira"]
[Black "babamas"]
[Result "1-0"]
[WhiteElo "1856"]
[BlackElo "1975"]

1. d4 Nf6 2. g3 d5 3. Bg2 e6 4. Nf3 Be7 5. Bg5 O-O 6. c3 Nbd7 7. O-O h6 8. Bxf6
Nxf6 9. Nbd2 c6 10. Re1 Qc7 11. e4 dxe4 12. Nxe4 b6 13. Nxf6+ Bxf6 14. Ne5 Bb7
15. Qa4 b5 16. Qc2 Rad8 17. Rad1 a5 18. a3 Bxe5 19. Rxe5 Rd7 20. b4 a4 21. Rde1
Rfd8 22. f4 g6 23. Bh3 Re8 24. g4 Rd5 25. Rxd5 cxd5 26. Qd2 Kg7 27. Bg2 Rc8 28.
Rc1 Qe7 29. Re1 Qh4 30. h3 Qg3 31. Re3 Qxf4 32. Qe2 Rc4 33. Qe1 Rc7 34. Rf3 Qd6
35. Qf2 f5 36. Qg3 Qxg3 37. Rxg3 1-0